| 000 | 00704nam a2200241 u 4500 | ||
|---|---|---|---|
| 005 | 20231024063655.0 | ||
| 008 | 140930s2005 ea r 000 0 spa d | ||
| 020 | _a1403467374 | ||
| 035 | _aUPN01000199875 | ||
| 049 | _aI | ||
| 050 | 4 |
_aQA445.5 _bP4.3 |
|
| 100 | 1 |
_aPeat, Ann _932948 |
|
| 245 | 1 | 4 |
_aLas figuras / _cAnn Peat. |
| 260 |
_aChicago, E.U.A. : _bHeinemann Library, _c2005. |
||
| 300 |
_a24 p. : _bil. col. |
||
| 440 | 0 |
_aHeinemann lee y aprende. _pMi mundo |
|
| 534 |
_pTítulo original: _tShapes |
||
| 650 | 4 |
_aGeometría _xEstudio y enseñanza (Elemental) _94869 |
|
| 650 | 2 |
_aFiguras _vLiteratura infantil _923592 |
|
| 905 | _aInfantil | ||
| 999 |
_c171976 _d171976 |
||